Blaumaņa atraitnes

Titel: Blaumaņa atraitnes : sociālās lomas un dzimtes reprezentācija / Eva Eglāja-Kristsone
Verfasser:
In: Rūdolfs Blaumanis: teksts un konteksts, (2013), Seite 185-204
alle Artikel anzeigen
Veröffentlicht: 2013
Umfang: Illustrationen
Format: Aufsatz
Sprache: Lettisch
Schlagworte:
Kein Bild verfügbar
X
alg: 46973052
001A    $03025:22-09-20 
001B    $01999:22-09-20 $t22:37:58.000 
001D    $03025:22-09-20 
001U    $0utf8 
001X    $00 
002@    $0Aou 
002C    $aText $btxt $2rdacontent 
002D    $aohne Hilfsmittel zu benutzen $bn $2rdamedia 
002E    $aBand $bnc $2rdacarrier 
003@    $0469730528 
007A    $0469730528 $aHEB 
010@    $alav 
010E    $erda 
011@    $a2013 $n2013 
021A    $aBlaumaņa atraitnes $dsociālās lomas un dzimtes reprezentācija $hEva Eglāja-Kristsone 
028A    $BVerfasser $#Kristsone, Eva Eglāja- $4aut $7113351751X $8Eglāja-Kristsone, Eva$Z1977- [Tp3] $940399022X 
031A    $g20 $h185-204 $j2013 
034M    $aIllustrationen 
039B    $aEnthalten in $8--Aau--. Rūdolfs Blaumanis: teksts un konteksts. - Rīga : LU Akadēmiskais apgāds, 2013. - 486 Seiten. - Illustrationen, Karten. - ISBN 978-9984-45-781-9 $x201300000000000815 $9462979644 
044K    $#Blauman, R. $#Blauman, Rudolʹf $#Blaumanis, Rudolʹf $#Blaumann, Rudolf $7118511610 $8Blaumanis, Rūdolfs$Z1863-1908 [Tp1] $9086852744 
044K    $#Lettland $#Lettland $#Latvija $#Latvijas Republika $#Lettische Republik $#Lettische SSR $#Latvijskaja SSR $74074187-4 $8Lettland [Tg1] $9085208876 
044K    $RFrau $RLiteratur $#Literature Women authors $#Littérature Femmes écrivains $#Literatura Autoras $#Feminismus Literatur $#Feministische Literatur $#Frauendichtung $#Frau Literatur $74113622-6 $8Frauenliteratur [Ts1] $9085336548 
044K    $74547810-7 $8Geschlechtergeschichte [Ts1] $9089466187 
044K    $RVorurteil $RBild $RStereotypisierung $#Stereotypes (Social psychology) $#Stéréotype (psychologie) $#Stereotyp $#Stereotyp $#Sozialstereotyp $#Stereotypen $74057329-1 $8Stereotyp [Ts1] $9085159530 
045F    $a809 $eDDC23BSB 
045F/01 $a809 
045F/03 $f09034 
045F/03 $g4796 
045R    $aIdeengeschichte 1890-1900 
046L    $aEnglische Zusammenfassung unter dem Titel: Rūdolfs Blaumanis' Widows: Texts, Theatre, and Gender Representation 

lok: 46973052 78

exp: 46973052 78 1 #EPN
201B/01 $022-09-20 $t13:07:55.000 
201C/01 $022-09-20 
201U/01 $0utf8 
203@/01 $01123653771 
208@/01 $a22-09-20 $be 
209A/01 $a/ $f000 $x00 
209A/01 $ab*p $x01 
220C/01 $akoe 
247C/01 $82080>Marburg/Lahn, Herder-Institut, Forschungsbibliothek, Bibliographieportal $9336309341
LEADER 00000caa a2200000 c 4500
001 469730528
003 DE-603
005 20200922223758.0
007 tu
008 200922s2013 xx |||| | u00||u|lav c
035 |a (DE-599)HEB469730528 
040 |a DE-603  |b ger  |c DE-603  |d DE-603  |e rda 
041 |a lav 
082 0 4 |8 1\u  |a 809  |q DE-101  |2 23/BSB 
085 |8 1\u  |b 809 
085 |8 1\u  |z 1  |s 09034 
085 |8 1\u  |z 2  |s 4796 
100 1 |a Eglāja-Kristsone, Eva  |d 1977-  |e Verfasser  |4 aut  |0 (DE-603)40399022X  |0 (DE-588)113351751X  |2 gnd 
245 0 0 |a Blaumaņa atraitnes  |b sociālās lomas un dzimtes reprezentācija  |c Eva Eglāja-Kristsone 
264 0 |c 2013 
300 |b Illustrationen 
336 |a Text  |b txt  |2 rdacontent 
337 |a ohne Hilfsmittel zu benutzen  |b n  |2 rdamedia 
338 |a Band  |b nc  |2 rdacarrier 
546 |a Englische Zusammenfassung unter dem Titel: Rūdolfs Blaumanis' Widows: Texts, Theatre, and Gender Representation 
600 1 7 |a Blaumanis, Rūdolfs  |d 1863-1908  |0 (DE-588)118511610  |0 (DE-603)086852744  |2 gnd 
648 7 |a Ideengeschichte 1890-1900  |2 gnd 
650 7 |a Frauenliteratur  |0 (DE-588)4113622-6  |0 (DE-603)085336548  |2 gnd 
650 7 |a Geschlechtergeschichte  |0 (DE-588)4547810-7  |0 (DE-603)089466187  |2 gnd 
650 7 |a Stereotyp  |0 (DE-588)4057329-1  |0 (DE-603)085159530  |2 gnd 
651 7 |a Lettland  |0 (DE-588)4074187-4  |0 (DE-603)085208876  |2 gnd 
773 0 8 |i Enthalten in  |t Rūdolfs Blaumanis: teksts un konteksts  |d Rīga : LU Akadēmiskais apgāds, 2013  |h 486 Seiten, Illustrationen, Karten  |z 9789984457819  |g (2013), Seite 185-204  |w (DE-603)462979644 
924 0 |9 2080  |a (DE-603)1123653771  |b DE-2080  |c HES  |d d  |g /